00515 2200169 4500001002100000008004100021035002000062245009900082100004500181260003500226300001300261020001800274084001400292082000800306650001200314990001900326INLIS000000000003537 ind  a0010-0824000036 aSejarah Nasional Indonesia 4bKemunculan Penjajahan di IndonesiacMarwati Djoenet Poesponegoro aTIM Nasional Penulisan Sejarah Indonesia aJakarta :bBalai Pustakac2008 a512 hlm. a979-407-410-1 a959 TIM s a959 aSejarah aP29/CP/24/3536